MARC details
| 000 -LEADER |
| fixed length control field |
02878nam a2200361 a 4500 |
| 008 - FIXED-LENGTH DATA ELEMENTS--GENERAL INFORMATION |
| fixed length control field |
120416s2002 ||||||||||||||||| || u |
| 020 ## - INTERNATIONAL STANDARD BOOK NUMBER |
| International Standard Book Number |
1853838888 |
| 050 ## - LIBRARY OF CONGRESS CALL NUMBER |
| Classification number |
SD 411 Sel |
| 100 ## - MAIN ENTRY--PERSONAL NAME |
| Personal name |
Landell-Mills, Natasha |
| 245 10 - TITLE STATEMENT |
| Title |
Selling forest environmental services: market-based mechanisms for conservation and development |
| Statement of responsibility, etc. |
edited by Stefano Pagiola; Joshua Bishop; Natasha Landell-Mills |
| 260 ## - PUBLICATION, DISTRIBUTION, ETC. |
| Place of publication, distribution, etc. |
London: |
| Name of publisher, distributor, etc. |
Earthscan |
| Date of publication, distribution, etc. |
2002 |
| 300 ## - PHYSICAL DESCRIPTION |
| Extent |
xix, 299p. : ill. |
| 350 ## - |
| -- |
0.00 |
| 650 ## - SUBJECT ADDED ENTRY--TOPICAL TERM |
| Topical term or geographic name entry element |
FOREST MANAGEMENT--STANDARDS |
| 650 #0 - SUBJECT ADDED ENTRY--TOPICAL TERM |
| Topical term or geographic name entry element |
FOREST CONSERVATION |
| 650 ## - SUBJECT ADDED ENTRY--TOPICAL TERM |
| Topical term or geographic name entry element |
FORESTS AND FORESTRY--ENVIRONMENTAL ASPECTS |
| 700 ## - ADDED ENTRY--PERSONAL NAME |
| Personal name |
Pagiola, Stefano |
| 700 ## - ADDED ENTRY--PERSONAL NAME |
| Personal name |
Bishop, Joshua |
| 856 ## - ELECTRONIC LOCATION AND ACCESS |
| Uniform Resource Identifier |
http://www.loc.gov/catdir/toc/fy034/2002009275.html |
| 995 ## - |
| -- |
MAIN LIBRARY OPEN ACCESS |
| -- |
0.00 |
| -- |
739970 |
| -- |
CBU-MAIN LIBRARY (Kitwe) |
| -- |
1 |
| -- |
0.00 |
| -- |
SD 411 SEL |
| -- |
14 |
| -- |
AVAILABLE |
| -- |
Mar 16, 2010 |
| -- |
739970 |
| -- |
Main Library Open Access Collection |
| 995 ## - |
| -- |
ANNEX COLLECTION (Main Library) |
| -- |
0.00 |
| -- |
735189 |
| -- |
CBU-MAIN LIBRARY (Kitwe) |
| -- |
8 |
| -- |
18.00 |
| -- |
SD 411 Sel |
| -- |
8 |
| -- |
AVAILABLE |
| -- |
38524 |
| -- |
Annex Low-Usage Collection |
| 995 ## - |
| -- |
ANNEX COLLECTION (Main Library) |
| -- |
0.00 |
| -- |
735190 |
| -- |
CBU-MAIN LIBRARY (Kitwe) |
| -- |
6 |
| -- |
18.00 |
| -- |
SD 411 Sel |
| -- |
6 |
| -- |
AVAILABLE |
| -- |
38526 |
| -- |
Annex Low-Usage Collection |
| 995 ## - |
| -- |
ANNEX COLLECTION (Main Library) |
| -- |
0.00 |
| -- |
735191 |
| -- |
CBU-MAIN LIBRARY (Kitwe) |
| -- |
9 |
| -- |
18.00 |
| -- |
SD 411 Sel |
| -- |
9 |
| -- |
AVAILABLE |
| -- |
38527 |
| -- |
Annex Low-Usage Collection |
| 995 ## - |
| -- |
ANNEX COLLECTION (Main Library) |
| -- |
0.00 |
| -- |
740658 |
| -- |
CBU-MAIN LIBRARY (Kitwe) |
| -- |
1 |
| -- |
0.00 |
| -- |
SD 411 SEL |
| -- |
12 |
| -- |
AVAILABLE |
| -- |
Mar 15, 2010 |
| -- |
740658 |
| -- |
Annex Low-Usage Collection |
| 995 ## - |
| -- |
ANNEX COLLECTION (Main Library) |
| -- |
0.00 |
| -- |
734520 |
| -- |
CBU-MAIN LIBRARY (Kitwe) |
| -- |
5 |
| -- |
18.00 |
| -- |
SD 411 Sel |
| -- |
5 |
| -- |
AVAILABLE |
| -- |
48052 |
| -- |
Annex Low-Usage Collection |
| 995 ## - |
| -- |
ANNEX COLLECTION (Main Library) |
| -- |
0.00 |
| -- |
739969 |
| -- |
CBU-MAIN LIBRARY (Kitwe) |
| -- |
1 |
| -- |
0.00 |
| -- |
SD 411 SEL |
| -- |
13 |
| -- |
AVAILABLE |
| -- |
Mar 16, 2010 |
| -- |
739969 |
| -- |
Annex Low-Usage Collection |
| 995 ## - |
| -- |
ANNEX COLLECTION (Main Library) |
| -- |
0.00 |
| -- |
735193 |
| -- |
CBU-MAIN LIBRARY (Kitwe) |
| -- |
4 |
| -- |
18.00 |
| -- |
SD 411 Sel |
| -- |
4 |
| -- |
AVAILABLE |
| -- |
38523 |
| -- |
Annex Low-Usage Collection |
| 995 ## - |
| -- |
ANNEX COLLECTION (Main Library) |
| -- |
0.00 |
| -- |
734519 |
| -- |
CBU-MAIN LIBRARY (Kitwe) |
| -- |
2 |
| -- |
18.00 |
| -- |
SD 411 Sel |
| -- |
2 |
| -- |
AVAILABLE |
| -- |
48051 |
| -- |
Annex Low-Usage Collection |
| 995 ## - |
| -- |
ANNEX COLLECTION (Main Library) |
| -- |
0.00 |
| -- |
735188 |
| -- |
CBU-MAIN LIBRARY (Kitwe) |
| -- |
11 |
| -- |
18.00 |
| -- |
SD 411 Sel |
| -- |
11 |
| -- |
AVAILABLE |
| -- |
38525 |
| -- |
Annex Low-Usage Collection |
| 995 ## - |
| -- |
MAIN LIBRARY OPEN ACCESS |
| -- |
0.00 |
| -- |
734516 |
| -- |
CBU-MAIN LIBRARY (Kitwe) |
| -- |
10 |
| -- |
18.00 |
| -- |
SD 411 Sel |
| -- |
10 |
| -- |
AVAILABLE |
| -- |
48113 |
| -- |
Main Library Open Access Collection |
| 995 ## - |
| -- |
ANNEX COLLECTION (Main Library) |
| -- |
0.00 |
| -- |
734517 |
| -- |
CBU-MAIN LIBRARY (Kitwe) |
| -- |
3 |
| -- |
18.00 |
| -- |
SD 411 Sel |
| -- |
3 |
| -- |
AVAILABLE |
| -- |
48115 |
| -- |
Annex Low-Usage Collection |
| 995 ## - |
| -- |
ANNEX COLLECTION (Main Library) |
| -- |
0.00 |
| -- |
735192 |
| -- |
CBU-MAIN LIBRARY (Kitwe) |
| -- |
1 |
| -- |
18.00 |
| -- |
SD 411 Sel |
| -- |
1 |
| -- |
AVAILABLE |
| -- |
38522 |
| -- |
Annex Low-Usage Collection |
| 999 ## - |
| -- |
80401 |
| -- |
80401 |